| 000 | 00868cam a2200253 a 4500 | ||
|---|---|---|---|
| 999 |
_c4943 _d4943 |
||
| 001 | 89386 | ||
| 003 | GBCCL | ||
| 005 | 20241126110530.0 | ||
| 008 | 850211s1984 tnua 000 0 eng d | ||
| 035 | _a(OCoLC)ocm11680932 | ||
| 040 |
_aKTS _cKTS _dNGW |
||
| 049 | _aLBBK | ||
| 082 |
_a268.432 _bREA |
||
| 090 |
_aBV1585 _b.R43 1984 |
||
| 092 |
_a268.41 _bR22at, 1984 |
||
| 245 | 0 | 0 |
_aReaching and teaching through vacation Bible school / _ccompiled by Arthur D. Burcham. |
| 260 |
_aNashville, Tenn. : _bConvention Press, _cc1984. |
||
| 300 |
_a158 p. : _bill. ; _c21 cm. |
||
| 500 | _a"This book is the text for course number 13377 in the subject area 'Sunday school leadership' of the Church study course." | ||
| 650 | 0 |
_aVacation schools, Baptist. _98969 |
|
| 650 | 0 |
_aVacation schools, Christian. _98970 |
|
| 700 | 1 |
_aBurcham, Arthur D. _98971 |
|
| 942 |
_2ddc _cBK _07 |
||